موسوعة الرسم و الزخرفة على : الزجاج و السيراميك 114 نموذجاً عملياً منفذاً / (رقم التسجيلة. 125881)

تفاصيل مارك
000 -LEADER
fixed length control field 00664nam a22001817a 4500
005 - DATE AND TIME OF LATEST TRANSACTION
control field 20251108175104.0
008 - FIXED-LENGTH DATA ELEMENTS--GENERAL INFORMATION
fixed length control field 250721s2011 xx 000 0 ara d
082 14 - DEWEY DECIMAL CLASSIFICATION NUMBER
Classification number 748/مرز
100 1# - MAIN ENTRY--PERSONAL NAME
Personal name مرزوق، إبراهيم
Relator term معد
245 10 - TITLE STATEMENT
Title موسوعة الرسم و الزخرفة على : الزجاج و السيراميك 114 نموذجاً عملياً منفذاً /
264 1# - PRODUCTION, PUBLICATION, DISTRIBUTION, MANUFACTURE, AND COPYRIGHT NOTICE
Place of production, publication, distribution, manufacture القاهرة :
Name of producer, publisher, distributor, manufacturer مكتبة ابن سينا للنشر و التوزيع والتصدير،
Date of production, publication, distribution, manufacture, or copyright notice 2011.
300 ## - PHYSICAL DESCRIPTION
Extent 304 ص.مص.
650 17 - SUBJECT ADDED ENTRY--TOPICAL TERM
Topical term or geographic name as entry element الفنون الزجاجية
650 17 - SUBJECT ADDED ENTRY--TOPICAL TERM
Topical term or geographic name as entry element الزخرفة
650 17 - SUBJECT ADDED ENTRY--TOPICAL TERM
Topical term or geographic name as entry element الرسم
942 ## - ADDED ENTRY ELEMENTS (KOHA)
Source of classification or shelving scheme Dewey Decimal Classification
Koha item type كتب
المقتنيات
حالة السحب حالة الفقدان مصدر التصنيف حالة التلف غير قابل للإعارة المكتبة الرئيسية المكتبة الحالية موقع الرف تاريخ التزويد الرقم المتسلسل Total Checkouts رقم الإستدعاء الباركود تاريخ آخر ظهور تاريخ الفاتورة نوع المادة (كوها)
    Dewey Decimal Classification     المكتبة المركزية المكتبة المركزية الإعارة 04/10/2012 1535734   748/مرز PLD00258824 28/07/2025 04/10/2012 كتب
Implemented & Customized by: BBB with SCIT (Smart Chains for Information Technology)

Powered by Koha